Methodological aspects of identification of two-phase open fault location on overhead power line; Вестник науки Сибири; № 2 (8)

Detalles Bibliográficos
Parent link:Вестник науки Сибири: электронный научный журнал/ Томский политехнический университет (ТПУ).— , 2011-.— 2226-0064
№ 2 (8).— 2013.— [С. 1-5]
Autor principal: Khrushchev Yu. V. Yuri Vasilievich
Otros Autores: Batseva N. L. Natalya Lenmirovna, Abramochkina L. V. Ludmila Vladimirovna
Sumario:Заглавие с титульного листа
The article introduces the results of methodological aspects development of two-phase open fault location identification on overhead power line based on preliminary identification of line attenuation resistance and conductivity in prefault conditions. The fault location identification technique with allowance for line distributed parameters is applied. Current and voltage instantaneous values are used by means of data and long-distance transmission line equations are used as mathematical tool.
Приведено описание метода определения места обрыва двух фаз воздушной линии электропередачи. Показано, что повышенная точность метода достигается за счет учета пространственной распределенности параметров линии, а также за счет использования в алгоритмах уточненных погонных сопротивлений и проводимостей линии, предварительно определенных по параметрам предаварийного режима. В качестве исходных данных используются массивы мгновенных значений электрических величин - токов и напряжений, измеренных по концам линии с помощью регистраторов аварийных сигналов, а в качестве математического аппарата - уравнения длинной линии.
Lenguaje:inglés
Publicado: 2013
Colección:Энергетика
Materias:
Acceso en línea:http://earchive.tpu.ru/handle/11683/16393
Formato: MixedMaterials Electrónico Capítulo de libro
KOHA link:https://koha.lib.tpu.ru/cgi-bin/koha/opac-detail.pl?biblionumber=517665

MARC

LEADER 00000naa2a2200000 4500
001 517665
005 20231225141754.0
035 |a (RuTPU)RU\TPU\prd\195861 
035 |a RU\TPU\prd\174138 
090 |a 517665 
100 |a 20130918d2013 k y0rusy50 ca 
101 0 |a eng 
102 |a RU 
135 |a drnn ---uucaa 
181 0 |a i  
182 0 |a b 
200 1 |a Methodological aspects of identification of two-phase open fault location on overhead power line  |d Метод определения места повреждения двух фаз на воздушной линии электропередачи  |f Yu. V. Khrushchev, N. L. Batseva, L. V. Abramochkina 
203 |a Текст  |c электронный 
215 |a 1 файл (404 Кб) 
225 1 |a Энергетика 
300 |a Заглавие с титульного листа 
320 |a [Библиогр.: с. 5 (7 назв.)] 
330 |a The article introduces the results of methodological aspects development of two-phase open fault location identification on overhead power line based on preliminary identification of line attenuation resistance and conductivity in prefault conditions. The fault location identification technique with allowance for line distributed parameters is applied. Current and voltage instantaneous values are used by means of data and long-distance transmission line equations are used as mathematical tool. 
330 |a Приведено описание метода определения места обрыва двух фаз воздушной линии электропередачи. Показано, что повышенная точность метода достигается за счет учета пространственной распределенности параметров линии, а также за счет использования в алгоритмах уточненных погонных сопротивлений и проводимостей линии, предварительно определенных по параметрам предаварийного режима. В качестве исходных данных используются массивы мгновенных значений электрических величин - токов и напряжений, измеренных по концам линии с помощью регистраторов аварийных сигналов, а в качестве математического аппарата - уравнения длинной линии. 
337 |a Adobe Reader 
461 1 |0 (RuTPU)RU\TPU\prd\143680  |x 2226-0064  |t Вестник науки Сибири  |o электронный научный журнал  |f Томский политехнический университет (ТПУ)  |d 2011- 
463 1 |0 (RuTPU)RU\TPU\prd\195836  |t № 2 (8)  |v [С. 1-5]  |d 2013 
510 1 |a Метод определения места повреждения двух фаз на воздушной линии электропередачи  |z rus 
610 1 |a электропередача 
610 1 |a воздушные линии электропередачи 
610 1 |a напряжения 
610 1 |a токи 
610 1 |a электрические величины 
610 1 |a фазы 
610 1 |a повреждения 
610 1 |a симметричные составляющие 
610 1 |a длинные линии 
610 1 |a уравнения 
610 1 |a труды учёных ТПУ 
610 1 |a электронный ресурс 
700 1 |a Khrushchev  |b Yu. V.  |c Specialist in the field of electric power engineering  |c Professor of Tomsk Polytechnic University, Doctor of technical sciences  |f 1942-  |g Yuri Vasilievich  |3 (RuTPU)RU\TPU\pers\31302 
701 1 |a Batseva  |b N. L.  |c Specialist in the field of electric power engineering  |c Associate Professor of Tomsk Polytechnic University, Candidate of technical sciences  |f 1968-  |g Natalya Lenmirovna  |3 (RuTPU)RU\TPU\pers\31306  |9 15484 
701 1 |a Abramochkina  |b L. V.  |c Russian scientist, Specialist in the field of electric power engineering  |c Assistant of the Department of Tomsk Polytechnic University  |f 1986-  |g Ludmila Vladimirovna  |3 (RuTPU)RU\TPU\pers\31307 
801 1 |a RU  |b 63413507  |c 20090623  |g PSBO 
801 2 |a RU  |b 63413507  |c 20180115  |g PSBO 
856 4 |u http://earchive.tpu.ru/handle/11683/16393 
942 |c BK